Catálogo de la Biblioteca Horacio González - Universidad Nacional de General Sarmiento

Vampyr (Registro nro. 54031)

Detalles MARC
000 -CABECERA
campo de control de longitud fija 02004ngm a22004450a 4500
001 - NÚMERO DE CONTROL
campo de control PT50890
003 - IDENTIFICADOR DEL NÚMERO DE CONTROL
campo de control AR-LpoUNG
005 - FECHA Y HORA DE LA ÚLTIMA TRANSACCIÓN
campo de control 20210202000040.0
007 - CAMPO FIJO DE DESCRIPCIÓN FÍSICA--INFORMACIÓN GENERAL
campo de control de longitud fija vd cvaizq
008 - DATOS DE LONGITUD FIJA--INFORMACIÓN GENERAL
campo de control de longitud fija 191001s1928||||ag |||||||||||||||||fre d
037 ## - FUENTE DE ADQUISICIÓN
Condiciones de disponibilidad $6
040 ## - FUENTE DE LA CATALOGACIÓN
Centro catalogador/agencia de origen AR-LpoUNG
Lengua de catalogación spa
Centro/agencia transcriptor AR-LpoUNG
Normas de descripción aacr
041 ## - CÓDIGO DE LENGUA
Código de lengua del texto/banda sonora o título independiente fre
-- spa
044 ## - CÓDIGO DEL PAÍS DE LA ENTIDAD EDITORA/PRODUCTORA
Código MARC del país ag
082 0# - NÚMERO DE LA CLASIFICACIÓN DECIMAL DEWEY
Número de clasificación 944.026 778vam
100 1# - ENTRADA PRINCIPAL--NOMBRE DE PERSONA
Nombre de persona Dreyer, Carl Theodore
Término indicativo de función/relación dir.
245 10 - MENCIÓN DE TÍTULO
Título Vampyr
260 ## - PUBLICACIÓN, DISTRIBUCIÓN, ETC.
Lugar de publicación, distribución, etc. Buenos Aires :
Nombre del editor, distribuidor, etc. Epoca video,
Fecha de publicación, distribución, etc. 1928.
300 ## - DESCRIPCIÓN FÍSICA
Extensión DVD (ca. 160 min.) : son., byn
505 0# - NOTA DE CONTENIDO CON FORMATO
Nota de contenido con formato La pasión de Juana de Arco: Hecha en 1928. Duración 85 min. Guión: Carl Theodor Dreyer, Joseph Delteil. Reparto: Renée Jeanne Falconetti, Eugene Silvain, Maurice Schutz, Michel Simon, Antonin Artaud, André Berley. Película muda, en 1985 fue considerado uno de los 12 mejores films de la historia del cine.
505 0# - NOTA DE CONTENIDO CON FORMATO
Nota de contenido con formato Vampyr: Argumento: Sheridan Le Fanu. Guión: Carl Th. Dreyer. Fotografía: Rudolph Matè. Música: Wolfgang Zeller. Intérpretes: Julian West, Henriette Gerard. Hecha en 1932. Duración 75 min.
520 ## - SUMARIO, ETC.
Sumario, etc. Vampyr: David Gray, un joven hospedado en un apartado paraje, sospecha que está siendo observado por vampiros, e incluso llega a vivir la advertencia de un sueño en el que ve su propia muerte. El protagonista se verá finalmente inmerso en un encuentro con los seres de la noche. La pasión de Juana de Arco: guión basado en la transcripción de las actas del proceso a Juana de Arco. Juana enfrenta con resolución al tribunal y a las torturas con coraje, pero terminará quemada viva en la plaza pública.
650 #4 - PUNTO DE ACCESO ADICIONAL DE MATERIA--TÉRMINO DE MATERIA
Término de materia o nombre geográfico como elemento de entrada DRAMA
650 #4 - PUNTO DE ACCESO ADICIONAL DE MATERIA--TÉRMINO DE MATERIA
Término de materia o nombre geográfico como elemento de entrada EUROPA
650 #4 - PUNTO DE ACCESO ADICIONAL DE MATERIA--TÉRMINO DE MATERIA
Término de materia o nombre geográfico como elemento de entrada FRANCIA
650 #4 - PUNTO DE ACCESO ADICIONAL DE MATERIA--TÉRMINO DE MATERIA
Término de materia o nombre geográfico como elemento de entrada HISTORIA
650 #4 - PUNTO DE ACCESO ADICIONAL DE MATERIA--TÉRMINO DE MATERIA
Término de materia o nombre geográfico como elemento de entrada HISTORIA SOCIAL
650 #4 - PUNTO DE ACCESO ADICIONAL DE MATERIA--TÉRMINO DE MATERIA
Término de materia o nombre geográfico como elemento de entrada MUJERES
650 #4 - PUNTO DE ACCESO ADICIONAL DE MATERIA--TÉRMINO DE MATERIA
Término de materia o nombre geográfico como elemento de entrada RELIGION
650 #4 - PUNTO DE ACCESO ADICIONAL DE MATERIA--TÉRMINO DE MATERIA
Término de materia o nombre geográfico como elemento de entrada REVOLUCION
651 #4 - PUNTO DE ACCESO ADICIONAL DE MATERIA--NOMBRE GEOGRÁFICO
Nombre geográfico Francia
653 ## - TÉRMINO DE INDIZACIÓN--NO CONTROLADO
Término no controlado CINE FRANCES
653 ## - TÉRMINO DE INDIZACIÓN--NO CONTROLADO
Término no controlado CINE MUDO
653 ## - TÉRMINO DE INDIZACIÓN--NO CONTROLADO
Término no controlado DVD
653 ## - TÉRMINO DE INDIZACIÓN--NO CONTROLADO
Término no controlado HISTORICO
653 ## - TÉRMINO DE INDIZACIÓN--NO CONTROLADO
Término no controlado PELICULA DE CULTO
653 ## - TÉRMINO DE INDIZACIÓN--NO CONTROLADO
Término no controlado VIDEOS
905 ## - ELEMENTOS DE DATOS E LOCAL, LDE (RLIN)
a 50890
942 ## - ELEMENTOS DE PUNTO DE ACCESO ADICIONAL (KOHA)
Tipo de ítem Koha DVD
Existencias
Estado de retiro Estado de pérdida Estado dañado No para préstamo Código de colección Localización permanente Ubicación/localización actual Fecha de adquisición Total de préstamos Signatura topográfica completa Código de barras Fecha visto por última vez Precio válido a partir de Tipo de ítem Koha
        Colección Cine Biblioteca Universidad Nacional de General Sarmiento Biblioteca Universidad Nacional de General Sarmiento 02/02/2021   944.026 778vam 00055795 02/02/2021 02/02/2021 DVD